[Event "Villa Maria U2200"]
[Site "Villa Maria"]
[Date "2017.10.07"]
[Round "2.2"]
[White "Cristaldo, Victor"]
[Black "Gimenez, Ismael"]
[Result "0-1"]
[WhiteElo "1853"]
[BlackElo "2171"]
[PlyCount "55"]
[EventDate "2017.10.07"]
[EventType "swiss"]
[EventRounds "6"]
[EventCountry "ARG"]
[SourceTitle "EXT 2024"]
[Source "ChessBase"]
[SourceDate "2023.10.10"]
[SourceVersion "1"]
[SourceVersionDate "2023.10.10"]
[SourceQuality "1"]

1. c4 Nf6 2. Nc3 e6 3. g3 d5 4. Bg2 Be7 5. Nf3 0-0 6. 0-0 c5 7. d4 Nc6 8. dxc5 Bxc5 9. Bg5 d4 10. Na4 Be7 11. a3 e5 12. b4 h6 13. Bd2 e4 14. Ne1 Ne5 15. Nb2 Be6 16. Rc1 Qd7 17. Bf4 Ng6 18. Qd2 a5 19. Nc2 axb4 20. axb4 Ra2 21. Rb1 Nxf4 22. Qxf4 g5 23. Qe5 Nh7 24. Bxe4 Nf6 25. Bg2 Bf5 26. Rfc1 Re8 27. Bxb7 Bxc2 28. Rxc2 0-1

[Event "Villa Maria U2200"]
[Site "Villa Maria"]
[Date "2017.10.07"]
[Round "3.11"]
[White "Grospietro, Patricio Alejandro"]
[Black "Cristaldo, Victor"]
[Result "0-1"]
[WhiteElo "1608"]
[BlackElo "1853"]
[PlyCount "80"]
[EventDate "2017.10.07"]
[EventType "swiss"]
[EventRounds "6"]
[EventCountry "ARG"]
[SourceTitle "EXT 2024"]
[Source "ChessBase"]
[SourceDate "2023.10.10"]
[SourceVersion "1"]
[SourceVersionDate "2023.10.10"]
[SourceQuality "1"]

1. d4 Nf6 2. Nf3 d6 3. Bf4 g6 4. e3 Bg7 5. Be2 0-0 6. 0-0 b6 7. c4 Bb7 8. Nc3 Nbd7 9. b4 a5 10. a3 c5 11. bxc5 bxc5 12. h3 cxd4 13. exd4 Rc8 14. Rc1 Bxf3 15. gxf3 Nh5 16. Bh2 Bh6 17. Rc2 e5 18. Ne4 Qe7 19. dxe5 dxe5 20. Qd6 Qxd6 21. Nxd6 Rc7 22. Rd1 f6 23. Nb5 Rb7 24. f4 Nxf4 25. Bf3 Rfb8 26. Bxb7 Rxb7 27. Bxf4 Bxf4 28. c5 Nb8 29. Rd8+ Kg7 30. Nd6 Rb1+ 31. Kg2 Nc6 32. Ra8 Nd4 33. Rc4 Rb2 34. Rc3 Bd2 35. c6 Bxc3 36. c7 Be1 37. Ne4 Rc2 38. Nd6 Rxf2+ 39. Kh1 Nf3 40. Rg8+ Kh6 0-1

[Event "ARG-ch sf U2300"]
[Site "Cosquin"]
[Date "2017.07.22"]
[Round "3.4"]
[White "Allasia, Jesus"]
[Black "Cristaldo, Victor"]
[Result "0-1"]
[WhiteElo "1736"]
[BlackElo "1848"]
[PlyCount "96"]
[EventDate "2017.07.22"]
[EventType "swiss"]
[EventRounds "6"]
[EventCountry "ARG"]
[SourceTitle "EXT 2024"]
[Source "ChessBase"]
[SourceDate "2023.10.10"]
[SourceVersion "1"]
[SourceVersionDate "2023.10.10"]
[SourceQuality "1"]

1. d4 Nf6 2. Nf3 d6 3. Bf4 g6 4. e3 Bg7 5. h3 c5 6. c4 0-0 7. Be2 Qb6 8. Na3 Qxb2 9. Nb5 Qb4+ 10. Qd2 Qxd2+ 11. Kxd2 Ne4+ 12. Ke1 Na6 13. Ng5 Nxg5 14. Bxg5 f6 15. Bf4 cxd4 16. exd4 Bd7 17. Rb1 Bc6 18. Rg1 e5 19. Bg3 Rfd8 20. Kd2 Bh6+ 21. Kc3 Rd7 22. f3 Be3 23. Rgd1 Rdd8 24. dxe5 dxe5 25. Rxd8+ Rxd8 26. Rd1 Rxd1 27. Bxd1 Bc5 28. Kb3 Kf7 29. Nc3 Nc7 30. Ne2 Ne6 31. Bc2 Be3 32. Be1 h5 33. Kc3 Bb6 34. Bg3 Ba5+ 35. Kd3 Nc5+ 36. Ke3 Bb6 37. Kd2 e4 38. Nd4 exf3 39. gxf3 Ne4+ 40. Bxe4 Bxe4 41. fxe4 Bxd4 42. Kd3 Bc5 43. Ke2 Ke6 44. Kf3 Bd6 45. Bf2 a6 46. Ke2 Kd7 47. Kd3 Bb8 48. Bh4 g5 0-1

[Event "ARG-ch sf U2300 Independencia"]
[Site "San Luis"]
[Date "2016.07.09"]
[Round "7.7"]
[White "Herrmann, Roman"]
[Black "Cristaldo, Victor"]
[Result "1/2-1/2"]
[WhiteElo "1919"]
[BlackElo "1882"]
[PlyCount "119"]
[EventDate "2016.07.08"]
[EventType "swiss"]
[EventRounds "7"]
[EventCountry "ARG"]
[SourceTitle "EXT 2024"]
[Source "ChessBase"]
[SourceDate "2023.10.10"]
[SourceVersion "1"]
[SourceVersionDate "2023.10.10"]
[SourceQuality "1"]

1. e4 d6 2. d4 Nf6 3. Nc3 g6 4. Nf3 Bg7 5. h3 0-0 6. Be3 a6 7. a4 b6 8. Bd3 Nc6 9. Qd2 Nb4 10. Be2 c5 11. 0-0 Bb7 12. d5 Qc7 13. Bc4 Rad8 14. Qe2 Bc8 15. Bf4 Qb7 16. Rad1 Nd7 17. Nb1 a5 18. c3 Na6 19. Rfe1 f6 20. Nbd2 Ne5 21. Nxe5 fxe5 22. Be3 Rf7 23. Nf3 h6 24. Nh2 Kh7 25. Qd2 Nb8 26. f4 exf4 27. Bxf4 Rdf8 28. Rf1 Nd7 29. Be3 Ne5 30. Bb5 Bd7 31. Qe2 Bc8 32. Rxf7 Rxf7 33. Rf1 e6 34. Rxf7 Qxf7 35. Qf1 Kg8 36. Nf3 Nxf3+ 37. gxf3 exd5 38. exd5 Qf5 39. Bd3 Qh5 40. Qg2 Kh7 41. Kh2 Bd7 42. Bf4 Bf8 43. b3 Be8 44. c4 Bd7 45. Qg3 Kg7 46. Bxd6 Bxd6 47. Qxd6 Qxh3+ 48. Kg1 Bf5 49. Qe7+ Kg8 50. Qe8+ Kg7 51. Qe5+ Kf7 52. Bxf5 gxf5 53. Qf4 Qh5 54. Kf2 Qg5 55. Qc7+ Ke8 56. Qc8+ Kf7 57. Qe6+ Kf8 58. d6 Qd2+ 59. Kf1 Qd1+ 60. Kf2 1/2-1/2

[Event "ARG-ch sf U2300 Independencia"]
[Site "San Luis"]
[Date "2016.07.09"]
[Round "5.9"]
[White "Ruiz, Roberto"]
[Black "Cristaldo, Victor"]
[Result "1/2-1/2"]
[WhiteElo "1850"]
[BlackElo "1882"]
[PlyCount "80"]
[EventDate "2016.07.08"]
[EventType "swiss"]
[EventRounds "7"]
[EventCountry "ARG"]
[SourceTitle "EXT 2024"]
[Source "ChessBase"]
[SourceDate "2023.10.10"]
[SourceVersion "1"]
[SourceVersionDate "2023.10.10"]
[SourceQuality "1"]

1. d4 Nf6 2. Bf4 d6 3. e3 g6 4. Nf3 Bg7 5. c4 c5 6. Nc3 cxd4 7. exd4 0-0 8. Be2 Nbd7 9. 0-0 b6 10. Re1 Bb7 11. Rc1 Rc8 12. b3 Nh5 13. Bg5 h6 14. Be3 Nhf6 15. Qd2 Ng4 16. Bf4 e5 17. h3 exf4 18. hxg4 g5 19. d5 f5 20. Nd4 Bxd4 21. Qxd4 Ne5 22. gxf5 Qf6 23. Ne4 Nf3+ 24. Bxf3 Qxd4 25. Nxd6 Rc7 26. Nb5 Qg7 27. Nxc7 Qxc7 28. Re6 Bc8 29. d6 Qh7 30. Bd5 Kh8 31. Rce1 Qxf5 32. Re7 Qg6 33. d7 Bxd7 34. Rxd7 Re8 35. Rd1 Qf5 36. Rxa7 g4 37. Rf7 Qc2 38. Rf1 g3 39. Rxf4 gxf2+ 40. R4xf2 Qc3 1/2-1/2

[Event "ARG-ch sf"]
[Site "Vicente Lopez"]
[Date "2016.06.27"]
[Round "4"]
[White "Cristaldo, Victor"]
[Black "Zamani, Andres"]
[Result "0-1"]
[WhiteElo "1887"]
[BlackElo "2071"]
[PlyCount "120"]
[EventDate "2016.06.25"]
[EventType "swiss"]
[EventRounds "9"]
[EventCountry "ARG"]
[SourceTitle "CBM 173 Extra"]
[Source "ChessBase"]
[SourceDate "2016.08.29"]
[SourceVersion "1"]
[SourceVersionDate "2016.08.29"]
[SourceQuality "1"]

1. c4 e5 2. Nc3 Nc6 3. g3 f5 4. Bg2 Nf6 5. d3 Bc5 6. Nh3 0-0 7. Bg5 h6 8. Bxf6 Qxf6 9. Nd5 Qd8 10. e3 d6 11. 0-0 Be6 12. a3 Qd7 13. b4 Bb6 14. f4 Ne7 15. Nxb6 cxb6 16. Nf2 Rac8 17. Rc1 Rfd8 18. Qe2 Kh7 19. Qb2 Ng6 20. Rfd1 Rc7 21. Rc2 Rdc8 22. Rdc1 Qe7 23. Bf1 Qf7 24. a4 Qf6 25. d4 exf4 26. exf4 Bd7 27. b5 d5 28. Nd3 dxc4 29. Ne5 Nxe5 30. fxe5 Qf7 31. Bg2 Be6 32. Qc3 Rd8 33. Rd1 Bd5 34. Bf1 Qh5 35. Re1 f4 36. gxf4 Rf8 37. Rf2 Rcf7 38. Qg3 g5 39. Be2 Qg6 40. Bd1 gxf4 41. Qxg6+ Kxg6 42. Bc2+ Kg5 43. e6 Rg7 44. Kf1 Kg4 45. e7 Re8 46. Rfe2 c3 47. Kf2 Kh4 48. Rg1 Rgxe7 49. Rxe7 Rxe7 50. Rg6 Kh5 51. Rf6 Be4 52. Bd1+ Kg5 53. Rd6 c2 54. h4+ Kxh4 55. Bxc2 Bxc2 56. Rxh6+ Kg5 57. Rh8 Bxa4 58. Rg8+ Kf5 59. Ra8 Bxb5 60. Rxa7 Bc6 0-1

[Event "San Luis Don Lucero Cup 1st"]
[Site "San Luis"]
[Date "2016.01.16"]
[Round "3"]
[White "Martin, Matias"]
[Black "Cristaldo, Victor"]
[Result "1-0"]
[WhiteElo "1553"]
[BlackElo "1905"]
[PlyCount "35"]
[EventDate "2016.01.15"]
[EventType "swiss"]
[EventRounds "6"]
[EventCountry "ARG"]
[SourceTitle "EXT 2017"]
[Source "ChessBase"]
[SourceDate "2016.10.25"]
[SourceVersion "1"]
[SourceVersionDate "2016.10.25"]
[SourceQuality "1"]

1. e4 d6 2. d4 Nf6 3. Nc3 g6 4. Bg5 Bg7 5. Qd2 h6 6. Be3 Nc6 7. h3 a6 8. 0-0-0 b5 9. d5 Na5 10. Bd3 b4 11. Nce2 c5 12. dxc6 Nxc6 13. Nd4 Bd7 14. Nge2 Qa5 15. Kb1 Rc8 16. f3 Ne5 17. Nb3 Qc7 18. Ned4 1-0

[Event "San Luis Don Lucero Cup 1st"]
[Site "San Luis"]
[Date "2016.01.15"]
[Round "2"]
[White "Cristaldo, Victor"]
[Black "Najurieta Cano, Tiziano"]
[Result "1-0"]
[WhiteElo "1905"]
[BlackElo "1304"]
[PlyCount "37"]
[EventDate "2016.01.15"]
[EventType "swiss"]
[EventRounds "6"]
[EventCountry "ARG"]
[SourceTitle "EXT 2017"]
[Source "ChessBase"]
[SourceDate "2016.10.25"]
[SourceVersion "1"]
[SourceVersionDate "2016.10.25"]
[SourceQuality "1"]

1. c4 e5 2. Nc3 Nf6 3. g3 Nc6 4. Bg2 Bc5 5. e3 0-0 6. Nge2 Bb4 7. 0-0 d6 8. d4 exd4 9. exd4 Bf5 10. Bg5 h6 11. Bxf6 gxf6 12. Nd5 Re8 13. a3 Ba5 14. b4 Bb6 15. c5 dxc5 16. dxc5 Be4 17. Nef4 Bxg2 18. Kxg2 Rc8 19. Nh5 1-0

[Event "ARG-ch sf U2000"]
[Site "San Luis"]
[Date "2015.07.25"]
[Round "2"]
[White "Cristaldo, Victor"]
[Black "Lucero, Gabriel Nicolas"]
[Result "1-0"]
[WhiteElo "1909"]
[BlackElo "1826"]
[PlyCount "67"]
[EventDate "2015.07.25"]
[EventType "swiss"]
[EventRounds "6"]
[EventCountry "ARG"]
[SourceTitle "EXT 2024"]
[Source "ChessBase"]
[SourceDate "2023.10.10"]
[SourceVersion "1"]
[SourceVersionDate "2023.10.10"]
[SourceQuality "1"]

1. e4 c5 2. Nf3 e6 3. d4 cxd4 4. Nxd4 Nf6 5. Bd3 Nc6 6. Be3 d5 7. Nxc6 bxc6 8. exd5 cxd5 9. 0-0 Bd6 10. a4 Qc7 11. h3 Nd7 12. Na3 a6 13. Qg4 g6 14. c4 Nc5 15. Bc2 e5 16. Qe2 d4 17. Bxd4 0-0 18. Bc3 Bd7 19. a5 Na4 20. Bxa4 Bxa4 21. b4 f6 22. Rac1 Rfb8 23. c5 Be7 24. Qa2+ Kg7 25. Nc4 Bc6 26. Nb6 Ra7 27. Qe2 Rd8 28. Rfd1 Bb5 29. Qe3 Rb7 30. Rd2 Rxd2 31. Qxd2 Qc6 32. Re1 Rb8 33. Rxe5 Bd8 34. Re1 1-0

[Event "San Luis Province-ch"]
[Site "San Luis"]
[Date "2014.12.20"]
[Round "3.6"]
[White "Cristaldo, Victor"]
[Black "Perrone, Gabriel"]
[Result "1-0"]
[WhiteElo "1860"]
[BlackElo "1294"]
[PlyCount "61"]
[EventDate "2014.12.19"]
[EventType "swiss"]
[EventRounds "6"]
[EventCountry "ARG"]
[SourceTitle "EXT 2024"]
[Source "ChessBase"]
[SourceDate "2023.10.10"]
[SourceVersion "1"]
[SourceVersionDate "2023.10.10"]
[SourceQuality "1"]

1. e4 e5 2. Nf3 Nc6 3. Bc4 Nf6 4. Nc3 Be7 5. d4 d6 6. h3 0-0 7. Be3 a6 8. a4 Bd7 9. Qe2 Rb8 10. Rd1 Re8 11. Ng5 Rf8 12. f4 h6 13. Nf3 Nh5 14. Qd2 Qc8 15. fxe5 Be6 16. Bxe6 fxe6 17. g4 Nf4 18. Bxf4 Rd8 19. exd6 cxd6 20. 0-0 e5 21. dxe5 Nxe5 22. Qd5+ Kh8 23. Be3 Bf6 24. Ne2 Ra8 25. Bd4 Nc4 26. Qf7 Rd7 27. Qh5 Ne5 28. h4 Kg8 29. g5 hxg5 30. Nxg5 Rf7 31. Qh7+ 1-0

[Event "San Luis Don Lucero Memorial"]
[Site "San Luis"]
[Date "2014.09.21"]
[Round "8.4"]
[White "Cristaldo, Victor"]
[Black "Besso, Javier Alejandro"]
[Result "0-1"]
[WhiteElo "1922"]
[BlackElo "1841"]
[PlyCount "58"]
[EventDate "2014.09.06"]
[EventType "swiss"]
[EventRounds "8"]
[EventCountry "ARG"]
[SourceTitle "EXT 2024"]
[Source "ChessBase"]
[SourceDate "2023.10.10"]
[SourceVersion "1"]
[SourceVersionDate "2023.10.10"]
[SourceQuality "1"]

1. c4 c5 2. Nc3 Nc6 3. Nf3 Nf6 4. g3 g6 5. Bg2 Bg7 6. 0-0 0-0 7. d4 cxd4 8. Nxd4 a6 9. Nc2 d6 10. e4 Be6 11. Ne3 Na5 12. Ncd5 Bxd5 13. cxd5 Rc8 14. Qd3 b5 15. Bh3 Rc7 16. a4 Nc4 17. f3 Nd7 18. axb5 axb5 19. Nxc4 Rxc4 20. Be3 Bxb2 21. Ra7 Nc5 22. Qe2 Bf6 23. Rb1 Qb8 24. Ra5 Rc3 25. Rbxb5 Qc7 26. Ra2 Nb3 27. Qe1 Rxe3 28. Qd1 Nd4 29. Rba5 Nxf3+ 0-1